LIBRARY & INFORMATION CENTRE, KCAET, TAVANUR

ONLINE PUBLIC ACCESS CATALOGUE (OPAC)

Moonnu padayalikal / (Record no. 18114)

MARC details
000 -LEADER
fixed length control field 00451nam a2200181 4500
003 - CONTROL NUMBER IDENTIFIER
control field OSt
008 - FIXED-LENGTH DATA ELEMENTS--GENERAL INFORMATION
fixed length control field 241005b |||||||| |||| 00| 0 eng d
020 ## - INTERNATIONAL STANDARD BOOK NUMBER
ISBN 978383432028
041 ## - LANGUAGE CODE
Language code of text/sound track or separate title mal
082 ## - DEWEY DECIMAL CLASSIFICATION NUMBER
Classification number 843
Item number DUM/MO
100 ## - MAIN ENTRY--AUTHOR NAME
Personal name Dumas, Alexandre
245 ## - TITLE STATEMENT
Title Moonnu padayalikal /
250 ## - EDITION STATEMENT
Edition statement 3rd ed.
260 ## - PUBLICATION, DISTRIBUTION, ETC. (IMPRINT)
Place of publication Thiruvananthapuram :
Name of publisher Chintha Publishers,
Year of publication 2023.
300 ## - PHYSICAL DESCRIPTION
Number of Pages 704p.
700 ## - ADDED ENTRY--PERSONAL NAME
Personal name Mukkolakkal, Bitter C
942 ## - ADDED ENTRY ELEMENTS (KOHA)
Koha item type Books
Holdings
Withdrawn status Lost status Damaged status Home library Current library Date acquired Source of acquisition Cost, normal purchase price Full call number Accession Number Koha item type
      KAUAET KAUAET 05/10/2024 Donated by KT Jaleel MLA 920.00 843 DUM/MO 26263 Books
free website counter